01060nam a22002417a 4500001001000000003000900010005001700019007000300036008003400039040005400073041001000127072002000137100001900157110010400176245016800280246019200448260003800640300001100678500008200689650002000771650001600791650001100807BR8900254BR-BrBNA20230928093128.0ta230509b bl.||||| |||| 00| 0 por d aBR-BrBNAbporcBiblioteca Nacional de Agricultura a(Por) aP32; P33b/G5141 aClemente, C.A.1 aEscola Superior de Agricultura Luiz de Queiroz, Piracicaba, SP (Brasil)0Tese (Doutor em Agronomia)1 aAlteracoes e solos desenvolvidos sobre rochas vulcanicas acidas da formacao Serra Geral nos planaltos de Guarapuava e Palmas, regiao centro sul do estado do Parana1 aAlterations and soils developed from acid volcanic rocks, "Serra Geral" formation occurring in the Guarapuava and Palmas plateau in the south-central region of the state of Parana, Brazil3 aPiracicaba, SP (Brasil): c1988.  a232 p. a11 illus.; 8 tables; Bibliography p. 170-193 (135 ref.); Summaries (Eng, Por) aQUIMICA DO SOLO aMINERALOGIA aPARANA